| 000 | 00467nam a22001575i 4500 | ||
|---|---|---|---|
| 001 | 48615 | ||
| 003 | ES-MaACL | ||
| 007 | t| | ||
| 008 | 950727s1894 xxu ||||1| eng d | ||
| 040 |
_aCAM _bspa _cCAM |
||
| 100 | 1 |
_aDewey, A.M. Melvil. _944038 |
|
| 245 | 1 | 0 |
_aDecimal classification and relativ index for libraries clipping notes / _cby A.M. Melvil Dewey. |
| 260 |
_aBoston : _bLibrary Bureau, _c1894. |
||
| 300 |
_a593 p. ; _c25 cm. |
||
| 852 |
_aES-MaACL _jB-4354 |
||
| 999 |
_c48615 _d48615 |
||